[Event "GER-chW Blitz 2019"]
[Site "Magdeburg"]
[Date "2019.05.25"]
[Round "5.9"]
[White "Ries, Jutta"]
[Black "Gheng, Simona"]
[Result "1-0"]
[WhiteElo "2017"]
[BlackElo "1991"]
[Annotator "NA"]
[PlyCount "91"]
[EventDate "2019.05.25"]
[EventType "tourn"]
[EventCountry "GER"]
[SourceTitle "playchess.com"]
[Source "ChessBase"]
[SourceQuality "1"]
[TimeControl "180+2"]

1. f4 {[%emt 0:00:00]} c5 {[%emt 0:00:00]} 2. Nf3 {[%emt 0:00:02]} d6 {[%emt 0:00:00]} 3. b3 {[%emt 0:00:02]} Nf6 {[%emt 0:00:00]} 4. Bb2 {[%emt 0:00:01]} g6 {[%emt 0:00:01]} 5. e3 {[%emt 0:00:02]} Bg7 {[%emt 0:00:00]} 6. Bb5+ {[%emt 0:00:06]} Bd7 {[%emt 0:00:02]} 7. a4 {[%emt 0:00:10]} O-O {[%emt 0:00:02]} 8. O-O {[%emt 0:00:02]} a6 9. Bxd7 {[%emt 0:00:02]} Nbxd7 {[%emt 0:00:01]} 10. Nc3 {[%emt 0:00:25]} Rc8 {[%emt 0:00:01]} 11. Qe2 {[%emt 0:00:09]} e6 {[%emt 0:00:01]} 12. e4 {[%emt 0:00:09]} Qc7 {[%emt 0:00:15]} 13. Rae1 {[%emt 0:00:10]} d5 {[%emt 0:00:16]} 14. e5 {[%emt 0:00:12]} Ne8 {[%emt 0:00:11]} 15. Nd1 {[%emt 0:00:06]} c4 {[%emt 0:00:12]} 16. Ba3 {[%emt 0:00:02]} Nc5 {[%emt 0:00:05]} 17. d4 {[%emt 0:00:12]} cxd3 {[%emt 0:00:04]} 18. cxd3 {[%emt 0:00:01]} Nxb3 {[%emt 0:00:13]} 19. Bxf8 {[%emt 0:00:02]} Bxf8 {[%emt 0:00:01]} 20. Qb2 {[%emt 0:00:09]} Nc5 {[%emt 0:00:17]} 21. Qc2 {[%emt 0:00:04]} Qb6 {[%emt 0:00:06]} 22. Kh1 {[%emt 0:00:11]} Nc7 {[%emt 0:00:17]} 23. d4 {[%emt 0:00:06]} Nb3 {[%emt 0:00:20]} 24. Nf2 {[%emt 0:00:07]} Nxd4 {[%emt 0:00:08]} 25. Nxd4 {[%emt 0:00:10]} Qxd4 {[%emt 0:00:01]} 26. Ng4 {[%emt 0:00:12]} Be7 {[%emt 0:00:04]} 27. Rc1 {[%emt 0:00:08]} Bd8 {[%emt 0:00:02]} 28. Qb3 {[%emt 0:00:20]} Rb8 {[%emt 0:00:01]} 29. Nf6+ {[%emt 0:00:06]} Kg7 {[%emt 0:00:07]} 30. Nd7 {[%emt 0:00:05]} Ra8 {[%emt 0:00:22]} 31. Qxb7 Ra7 32. Qc8 {[%emt 0:00:04]} Ra8 {[%emt 0:00:02]} 33. Nb8 {[%emt 0:00:07]} a5 {[%emt 0:00:32]} 34. Qxd8 {[%emt 0:00:02]} Na6 {[%emt 0:00:00]} 35. Qf6+ {[%emt 0:00:03]} Kh6 36. Nd7 {[%emt 0:00:02]} Qxa4 {[%emt 0:00:07]} 37. Qg5+ {[%emt 0:00:03]} Kg7 {[%emt 0:00:01]} 38. Nf6 {[%emt 0:00:02]} h6 {[%emt 0:00:02]} 39. Nh5+ {[%emt 0:00:02]} Kh7 {[%emt 0:00:01]} 40. Nf6+ Kg7 41. Qg3 {[%emt 0:00:04]} Rb8 {[%emt 0:00:01]} 42. f5 {[%emt 0:00:02]} exf5 {[%emt 0:00:04]} 43. Rc3 {[%emt 0:00:08]} Qb5 {[%emt 0:00:02]} 44. Rcf3 {[%emt 0:00:02]} d4 {[%emt 0:00:04]} 45. h4 {[%emt 0:00:01]} Qxe5 {[%emt 0:00:02]} 46. Qxe5 {[%emt 0:00:02]} 1-0

[Event "GER-chW Blitz 2019"]
[Site "Magdeburg"]
[Date "2019.05.25"]
[Round "5.10"]
[White "Kushka, Alena"]
[Black "Kopylov, Luba"]
[Result "1/2-1/2"]
[WhiteElo "2148"]
[BlackElo "2078"]
[Annotator "NA"]
[PlyCount "85"]
[EventDate "2019.05.25"]
[EventType "tourn"]
[EventCountry "GER"]
[SourceTitle "playchess.com"]
[Source "ChessBase"]
[SourceQuality "1"]
[TimeControl "180+2"]

1. d4 {[%emt 0:00:00]} Nf6 {[%emt 0:00:00]} 2. c4 {[%emt 0:00:01]} g6 {[%emt 0:00:00]} 3. Nc3 {[%emt 0:00:01]} d5 {[%emt 0:00:01]} 4. Nf3 {[%emt 0:00:01]} Bg7 {[%emt 0:00:02]} 5. Bf4 {[%emt 0:00:01]} c6 {[%emt 0:00:02]} 6. e3 {[%emt 0:00:05]} Ne4 {[%emt 0:00:05]} 7. Bd3 {[%emt 0:00:10]} Nxc3 {[%emt 0:00:03]} 8. bxc3 {[%emt 0:00:01]} Nd7 {[%emt 0:00:13]} 9. O-O {[%emt 0:00:05]} O-O {[%emt 0:00:03]} 10. Rb1 {[%emt 0:00:09]} Nf6 {[%emt 0:00:04]} 11. Bg3 {[%emt 0:00:09]} Qa5 {[%emt 0:00:02]} 12. Qc2 {[%emt 0:00:12]} dxc4 {[%emt 0:00:11]} 13. Bxc4 {[%emt 0:00:02]} Bf5 {[%emt 0:00:02]} 14. Bd3 {[%emt 0:00:07]} Bxd3 {[%emt 0:00:07]} 15. Qxd3 {[%emt 0:00:01]} Qxa2 {[%emt 0:00:08]} 16. Rxb7 {[%emt 0:00:05]} Nd5 {[%emt 0:00:10]} 17. e4 {[%emt 0:00:36]} Nb6 {[%emt 0:00:30]} 18. Rxe7 {[%emt 0:00:02]} a5 {[%emt 0:00:23]} 19. Nd2 {[%emt 0:00:13]} a4 {[%emt 0:00:05]} 20. Rb7 {[%emt 0:00:03]} Nc8 {[%emt 0:00:13]} 21. Nc4 {[%emt 0:00:37]} a3 {[%emt 0:00:16]} 22. Rd1 {[%emt 0:00:14]} Ra4 {[%emt 0:00:07]} 23. Ne3 {[%emt 0:00:19]} c5 {[%emt 0:00:34]} 24. d5 {[%emt 0:00:08]} c4 {[%emt 0:00:02]} 25. Qf1 {[%emt 0:00:07]} Bxc3 {[%emt 0:00:03]} 26. Rc1 {[%emt 0:00:03]} Bb2 {[%emt 0:00:07]} 27. Rxc4 {[%emt 0:00:06]} Rxc4 {[%emt 0:00:02]} 28. Nxc4 {[%emt 0:00:01]} Bd4 {[%emt 0:00:06]} 29. h3 {[%emt 0:00:14]} Qc2 {[%emt 0:00:02]} 30. Nxa3 {[%emt 0:00:02]} Qxe4 {[%emt 0:00:01]} 31. Nb5 {[%emt 0:00:02]} Qxd5 {[%emt 0:00:04]} 32. Rb8 {[%emt 0:00:03]} Be5 {[%emt 0:00:02]} 33. Bxe5 {[%emt 0:00:02]} Qxe5 {[%emt 0:00:01]} 34. Rb7 {[%emt 0:00:02]} Nd6 {[%emt 0:00:02]} 35. Nxd6 {[%emt 0:00:01]} Qxd6 {[%emt 0:00:01]} 36. Rb3 {[%emt 0:00:02]} Qd5 {[%emt 0:00:01]} 37. Rf3 {[%emt 0:00:01]} Rc8 {[%emt 0:00:01]} 38. Rd3 {[%emt 0:00:02]} Qg5 {[%emt 0:00:02]} 39. Rd1 {[%emt 0:00:01]} Rc2 {[%emt 0:00:02]} 40. Qd3 {[%emt 0:00:02]} Ra2 {[%emt 0:00:04]} 41. Qd8+ {[%emt 0:00:01]} Qxd8 {[%emt 0:00:01]} 42. Rxd8+ {[%emt 0:00:01]} Kg7 {[%emt 0:00:01]} 43. Rd3 {[%emt 0:00:03]} 1/2-1/2

[Event "GER-chW Blitz 2019"]
[Site "Magdeburg"]
[Date "2019.05.25"]
[Round "5.11"]
[White "Schulze, Lara"]
[Black "Zimmer, Elke"]
[Result "1-0"]
[WhiteElo "2160"]
[BlackElo "1926"]
[Annotator "NA"]
[PlyCount "86"]
[EventDate "2019.05.25"]
[EventType "tourn"]
[EventCountry "GER"]
[SourceTitle "playchess.com"]
[Source "ChessBase"]
[SourceQuality "1"]
[TimeControl "180+2"]

1. e4 {[%emt 0:00:00]} e5 {[%emt 0:00:00]} 2. Nf3 {[%emt 0:00:00]} Nc6 {[%emt 0:00:00]} 3. Bc4 {[%emt 0:00:01]} Nf6 {[%emt 0:00:06]} 4. d3 {[%emt 0:00:01]} Bc5 {[%emt 0:00:04]} 5. c3 {[%emt 0:00:01]} d6 {[%emt 0:00:02]} 6. Nbd2 {[%emt 0:00:08]} O-O {[%emt 0:00:05]} 7. O-O {[%emt 0:00:11]} Na5 {[%emt 0:00:04]} 8. Bb5 {[%emt 0:00:01]} a6 {[%emt 0:00:05]} 9. Ba4 {[%emt 0:00:03]} b5 {[%emt 0:00:05]} 10. Bc2 {[%emt 0:00:01]} Nc6 {[%emt 0:00:01]} 11. h3 {[%emt 0:00:13]} Ba7 {[%emt 0:00:05]} 12. Re1 {[%emt 0:00:08]} Bb7 {[%emt 0:00:02]} 13. Nf1 {[%emt 0:00:03]} h6 {[%emt 0:00:05]} 14. d4 {[%emt 0:00:06]} Re8 {[%emt 0:00:16]} 15. Ng3 {[%emt 0:00:09]} Bc8 {[%emt 0:00:18]} 16. a4 {[%emt 0:00:16]} exd4 17. cxd4 {[%emt 0:00:20]} bxa4 {[%emt 0:00:59]} 18. Bxa4 {[%emt 0:00:10]} Bd7 {[%emt 0:00:01]} 19. Bc2 {[%emt 0:00:50]} Nb4 {[%emt 0:00:04]} 20. Bb3 {[%emt 0:00:02]} Be6 {[%emt 0:00:07]} 21. d5 {[%emt 0:00:07]} Bd7 {[%emt 0:00:03]} 22. Qd2 {[%emt 0:00:15]} Bc5 {[%emt 0:00:04]} 23. Nd4 {[%emt 0:00:16]} a5 {[%emt 0:00:24]} 24. Nc2 {[%emt 0:00:11]} Qc8 {[%emt 0:00:22]} 25. Qe2 {[%emt 0:00:04]} Nfxd5 {[%emt 0:00:07]} 26. Bxd5 {[%emt 0:00:08]} Nxd5 {[%emt 0:00:01]} 27. Qc4 {[%emt 0:00:06]} Nb6 {[%emt 0:00:05]} 28. Qd3 {[%emt 0:00:01]} Be6 {[%emt 0:00:03]} 29. Nd4 Bxd4 {[%emt 0:00:02]} 30. Qxd4 {[%emt 0:00:02]} Nc4 {[%emt 0:00:07]} 31. Ne2 {[%emt 0:00:02]} Rb8 {[%emt 0:00:06]} 32. Nc3 {[%emt 0:00:01]} Nxb2 {[%emt 0:00:02]} 33. Rxa5 {[%emt 0:00:03]} Nc4 {[%emt 0:00:04]} 34. Ra4 {[%emt 0:00:01]} Nb6 {[%emt 0:00:01]} 35. Ra1 {[%emt 0:00:01]} Nd7 {[%emt 0:00:04]} 36. Nd5 {[%emt 0:00:01]} Bxd5 37. Qxd5 {[%emt 0:00:01]} Nf6 {[%emt 0:00:03]} 38. Qd4 {[%emt 0:00:01]} Qb7 {[%emt 0:00:03]} 39. f3 {[%emt 0:00:03]} Qb6 {[%emt 0:00:01]} 40. Be3 {[%emt 0:00:01]} Qxd4 {[%emt 0:00:02]} 41. Bxd4 {[%emt 0:00:00]} Rb7 {[%emt 0:00:05]} 42. Rec1 {[%emt 0:00:03]} c5 {[%emt 0:00:03]} 43. Be3 {[%emt 0:00:03]} Rd8 1-0

[Event "GER-chW Blitz 2019"]
[Site "Magdeburg"]
[Date "2019.05.25"]
[Round "5.12"]
[White "Braje, Monika"]
[Black "Mader, Lena"]
[Result "0-1"]
[WhiteElo "1781"]
[BlackElo "1839"]
[Annotator "NA"]
[PlyCount "110"]
[EventDate "2019.05.25"]
[EventType "tourn"]
[EventCountry "GER"]
[SourceTitle "playchess.com"]
[Source "ChessBase"]
[SourceQuality "1"]
[TimeControl "180+2"]

1. e4 {[%emt 0:00:00]} c6 {[%emt 0:00:00]} 2. d4 {[%emt 0:00:01]} d5 {[%emt 0:00:00]} 3. exd5 {[%emt 0:00:01]} cxd5 {[%emt 0:00:00]} 4. Bd3 {[%emt 0:00:01]} Nf6 {[%emt 0:00:05]} 5. h3 {[%emt 0:00:02]} Nc6 {[%emt 0:00:02]} 6. c3 {[%emt 0:00:00]} g6 {[%emt 0:00:01]} 7. Bf4 {[%emt 0:00:06]} Bg7 {[%emt 0:00:02]} 8. Nf3 {[%emt 0:00:02]} O-O {[%emt 0:00:01]} 9. O-O {[%emt 0:00:02]} Bf5 {[%emt 0:00:06]} 10. Bb5 {[%emt 0:00:09]} Qb6 {[%emt 0:00:13]} 11. Qe2 {[%emt 0:00:17]} e6 {[%emt 0:00:27]} 12. Bd6 {[%emt 0:00:09]} Rfd8 {[%emt 0:00:11]} 13. Bc5 {[%emt 0:00:01]} Qc7 {[%emt 0:00:03]} 14. Nbd2 {[%emt 0:00:11]} b6 {[%emt 0:00:26]} 15. Ba3 {[%emt 0:00:09]} a6 16. Ba4 {[%emt 0:00:05]} b5 {[%emt 0:00:16]} 17. Bd1 {[%emt 0:00:03]} Ne4 {[%emt 0:00:27]} 18. Nxe4 {[%emt 0:00:09]} Bxe4 {[%emt 0:00:01]} 19. Nd2 {[%emt 0:00:05]} Na5 {[%emt 0:00:17]} 20. f3 {[%emt 0:00:09]} Bf5 {[%emt 0:00:07]} 21. g4 {[%emt 0:00:16]} Qg3+ {[%emt 0:00:08]} 22. Qg2 {[%emt 0:00:01]} Qxg2+ {[%emt 0:00:00]} 23. Kxg2 {[%emt 0:00:01]} Bd3 {[%emt 0:00:01]} 24. Rf2 {[%emt 0:00:01]} Nc4 {[%emt 0:00:09]} 25. Nxc4 {[%emt 0:00:09]} bxc4 {[%emt 0:00:02]} 26. Bc5 {[%emt 0:00:18]} Bf8 {[%emt 0:00:07]} 27. Bxf8 {[%emt 0:00:03]} Kxf8 {[%emt 0:00:01]} 28. Rd2 {[%emt 0:00:03]} Rab8 {[%emt 0:00:01]} 29. Rc1 {[%emt 0:00:02]} Rb7 {[%emt 0:00:05]} 30. b3 {[%emt 0:00:06]} Rdb8 {[%emt 0:00:04]} 31. Kf2 {[%emt 0:00:07]} a5 {[%emt 0:00:04]} 32. h4 {[%emt 0:00:06]} Ke7 {[%emt 0:00:03]} 33. f4 {[%emt 0:00:07]} a4 {[%emt 0:00:04]} 34. b4 a3 {[%emt 0:00:02]} 35. Bf3 {[%emt 0:00:12]} Rc7 {[%emt 0:00:07]} 36. Re1 {[%emt 0:00:02]} Kf6 {[%emt 0:00:03]} 37. g5+ {[%emt 0:00:02]} Kg7 {[%emt 0:00:01]} 38. h5 {[%emt 0:00:02]} h6 {[%emt 0:00:04]} 39. gxh6+ {[%emt 0:00:02]} Kxh6 {[%emt 0:00:01]} 40. hxg6 {[%emt 0:00:03]} Kxg6 {[%emt 0:00:00]} 41. Rg1+ {[%emt 0:00:03]} Kf6 {[%emt 0:00:01]} 42. Ke3 {[%emt 0:00:01]} Rcc8 {[%emt 0:00:02]} 43. Rh2 {[%emt 0:00:03]} Rg8 {[%emt 0:00:02]} 44. Rgh1 {[%emt 0:00:07]} Rg7 {[%emt 0:00:02]} 45. Rh6+ {[%emt 0:00:02]} Ke7 {[%emt 0:00:01]} 46. Rh7 {[%emt 0:00:04]} Bxh7 {[%emt 0:00:01]} 47. Rh2 {[%emt 0:00:05]} Bd3 {[%emt 0:00:01]} 48. Rf2 {[%emt 0:00:04]} Rbg8 {[%emt 0:00:01]} 49. b5 {[%emt 0:00:02]} Rg3 {[%emt 0:00:01]} 50. b6 Rb8 {[%emt 0:00:02]} 51. Rh2 {[%emt 0:00:08]} Rxb6 {[%emt 0:00:01]} 52. Kf2 {[%emt 0:00:01]} Rg7 {[%emt 0:00:02]} 53. Bd1 {[%emt 0:00:04]} Rb2+ {[%emt 0:00:01]} 54. Ke1 Rxh2 55. Ba4 {[%emt 0:00:11]} Rg1# {[%emt 0:00:02]} 0-1

[Event "GER-chW Blitz 2019"]
[Site "Magdeburg"]
[Date "2019.05.25"]
[Round "6.1"]
[White "Roesler, Hannah Clara Hed"]
[Black "Mader, Lena"]
[Result "0-1"]
[WhiteElo "1619"]
[BlackElo "1839"]
[Annotator "NA"]
[PlyCount "90"]
[EventDate "2019.05.25"]
[EventType "tourn"]
[EventCountry "GER"]
[SourceTitle "playchess.com"]
[Source "ChessBase"]
[SourceQuality "1"]
[TimeControl "180+2"]

1. e4 {[%emt 0:00:00]} c6 {[%emt 0:00:00]} 2. d4 {[%emt 0:00:01]} d5 {[%emt 0:00:00]} 3. exd5 {[%emt 0:00:01]} cxd5 {[%emt 0:00:00]} 4. c4 {[%emt 0:00:01]} Nf6 {[%emt 0:00:02]} 5. Nc3 {[%emt 0:00:01]} Nc6 {[%emt 0:00:02]} 6. Bg5 {[%emt 0:00:03]} e6 {[%emt 0:00:22]} 7. c5 {[%emt 0:00:06]} Be7 {[%emt 0:00:03]} 8. Nf3 {[%emt 0:00:17]} O-O {[%emt 0:00:02]} 9. Bb5 {[%emt 0:00:03]} a6 {[%emt 0:00:03]} 10. Bxc6 {[%emt 0:00:11]} bxc6 {[%emt 0:00:01]} 11. O-O {[%emt 0:00:16]} Nd7 {[%emt 0:00:04]} 12. Bf4 {[%emt 0:00:09]} a5 {[%emt 0:00:12]} 13. Na4 {[%emt 0:00:22]} Ba6 {[%emt 0:00:20]} 14. Re1 {[%emt 0:00:07]} Bb5 {[%emt 0:00:07]} 15. a3 {[%emt 0:00:12]} Bf6 {[%emt 0:00:22]} 16. Ne5 {[%emt 0:00:14]} Bxa4 {[%emt 0:00:14]} 17. Qxa4 {[%emt 0:00:06]} Nxe5 {[%emt 0:00:02]} 18. Bxe5 {[%emt 0:00:05]} Bxe5 {[%emt 0:00:02]} 19. Rxe5 {[%emt 0:00:02]} Qc7 {[%emt 0:00:08]} 20. Qd1 {[%emt 0:00:19]} Rab8 {[%emt 0:00:06]} 21. Qd2 {[%emt 0:00:12]} Rb3 {[%emt 0:00:10]} 22. Qc2 {[%emt 0:00:20]} Rfb8 {[%emt 0:00:05]} 23. Re2 {[%emt 0:00:05]} a4 {[%emt 0:00:13]} 24. h3 {[%emt 0:00:05]} h6 {[%emt 0:00:02]} 25. Rb1 {[%emt 0:00:07]} Qf4 {[%emt 0:00:02]} 26. Qd2 {[%emt 0:00:19]} Qf5 {[%emt 0:00:06]} 27. Ree1 Qg6 {[%emt 0:00:06]} 28. Qa5 {[%emt 0:00:09]} Rxh3 {[%emt 0:00:03]} 29. Qc7 {[%emt 0:00:02]} Rf8 {[%emt 0:00:06]} 30. b4 {[%emt 0:00:01]} axb3 {[%emt 0:00:01]} 31. Rxb3 {[%emt 0:00:01]} Rxb3 {[%emt 0:00:01]} 32. Qxc6 {[%emt 0:00:02]} Rb1 {[%emt 0:00:03]} 33. Rxb1 {[%emt 0:00:03]} Qxb1+ 34. Kh2 Qc1 {[%emt 0:00:06]} 35. g3 {[%emt 0:00:02]} Qxa3 {[%emt 0:00:01]} 36. Qb6 {[%emt 0:00:02]} Qf3 {[%emt 0:00:03]} 37. c6 {[%emt 0:00:02]} Qxf2+ 38. Kh3 {[%emt 0:00:00]} Qf5+ {[%emt 0:00:02]} 39. Kg2 {[%emt 0:00:01]} Qc2+ {[%emt 0:00:02]} 40. Kf3 {[%emt 0:00:01]} Qd3+ {[%emt 0:00:01]} 41. Kf2 {[%emt 0:00:01]} Qf5+ {[%emt 0:00:02]} 42. Ke3 {[%emt 0:00:02]} Qe4+ {[%emt 0:00:03]} 43. Kf2 {[%emt 0:00:02]} Ra8 {[%emt 0:00:03]} 44. c7 {[%emt 0:00:04]} Ra2+ {[%emt 0:00:04]} 45. Kg1 {[%emt 0:00:03]} Qe1# {[%emt 0:00:01]} 0-1

[Event "GER-chW Blitz 2019"]
[Site "Magdeburg"]
[Date "2019.05.25"]
[Round "6.2"]
[White "Zimmer, Elke"]
[Black "Braje, Monika"]
[Result "1-0"]
[WhiteElo "1926"]
[BlackElo "1781"]
[Annotator "NA"]
[PlyCount "117"]
[EventDate "2019.05.25"]
[EventType "tourn"]
[EventCountry "GER"]
[SourceTitle "playchess.com"]
[Source "ChessBase"]
[SourceQuality "1"]
[TimeControl "180+2"]

1. e4 {[%emt 0:00:00]} d5 {[%emt 0:00:00]} 2. exd5 {[%emt 0:00:00]} Nf6 {[%emt 0:00:00]} 3. d4 {[%emt 0:00:04]} Nxd5 {[%emt 0:00:00]} 4. Nf3 {[%emt 0:00:01]} g6 {[%emt 0:00:02]} 5. Bc4 {[%emt 0:00:01]} Nb6 {[%emt 0:00:02]} 6. Bb5+ {[%emt 0:00:02]} c6 {[%emt 0:00:01]} 7. Bd3 {[%emt 0:00:02]} Bg7 {[%emt 0:00:01]} 8. c3 {[%emt 0:00:01]} O-O {[%emt 0:00:02]} 9. O-O {[%emt 0:00:01]} N8d7 {[%emt 0:00:02]} 10. Bf4 {[%emt 0:00:02]} c5 {[%emt 0:00:05]} 11. Nbd2 {[%emt 0:00:04]} cxd4 {[%emt 0:00:03]} 12. Nxd4 {[%emt 0:00:01]} Bxd4 {[%emt 0:00:03]} 13. cxd4 {[%emt 0:00:02]} Nd5 {[%emt 0:00:04]} 14. Be3 {[%emt 0:00:03]} N7f6 {[%emt 0:00:05]} 15. Bc4 {[%emt 0:00:07]} Bg4 {[%emt 0:00:09]} 16. Be2 {[%emt 0:00:06]} Bf5 {[%emt 0:00:06]} 17. Rc1 {[%emt 0:00:09]} Rc8 {[%emt 0:00:02]} 18. a3 {[%emt 0:00:01]} Qb6 {[%emt 0:00:10]} 19. Nc4 {[%emt 0:00:06]} Qd8 {[%emt 0:00:11]} 20. Qa4 {[%emt 0:00:18]} a6 {[%emt 0:00:06]} 21. Qd1 {[%emt 0:00:06]} b5 {[%emt 0:00:09]} 22. Ne5 {[%emt 0:00:01]} Nxe3 {[%emt 0:00:10]} 23. fxe3 {[%emt 0:00:01]} Nd5 {[%emt 0:00:01]} 24. Qd2 {[%emt 0:00:08]} f6 {[%emt 0:00:13]} 25. Nd3 {[%emt 0:00:04]} Qd6 {[%emt 0:00:06]} 26. Bf3 {[%emt 0:00:05]} Nb6 {[%emt 0:00:09]} 27. Nf2 {[%emt 0:00:08]} Nc4 {[%emt 0:00:01]} 28. Qe1 {[%emt 0:00:04]} Qe6 {[%emt 0:00:07]} 29. e4 {[%emt 0:00:07]} Bxe4 {[%emt 0:00:11]} 30. Qxe4 {[%emt 0:00:04]} Qd7 {[%emt 0:00:01]} 31. Qd5+ {[%emt 0:00:03]} Qxd5 {[%emt 0:00:04]} 32. Bxd5+ {[%emt 0:00:01]} Kg7 {[%emt 0:00:02]} 33. Bxc4 {[%emt 0:00:01]} bxc4 {[%emt 0:00:01]} 34. Rc3 {[%emt 0:00:01]} Rfd8 {[%emt 0:00:01]} 35. Rd1 {[%emt 0:00:01]} Kf7 {[%emt 0:00:02]} 36. Ne4 {[%emt 0:00:05]} e5 {[%emt 0:00:03]} 37. d5 {[%emt 0:00:01]} f5 {[%emt 0:00:07]} 38. Ng5+ {[%emt 0:00:02]} Kg7 {[%emt 0:00:01]} 39. Ne6+ {[%emt 0:00:01]} Kf6 {[%emt 0:00:03]} 40. Nxd8 {[%emt 0:00:01]} Rxd8 {[%emt 0:00:00]} 41. Rxc4 {[%emt 0:00:02]} e4 {[%emt 0:00:01]} 42. Kf2 {[%emt 0:00:01]} Ke5 {[%emt 0:00:01]} 43. d6 {[%emt 0:00:02]} f4 {[%emt 0:00:03]} 44. Rc5+ {[%emt 0:00:04]} Ke6 {[%emt 0:00:01]} 45. Rc6 {[%emt 0:00:05]} e3+ {[%emt 0:00:02]} 46. Kf3 {[%emt 0:00:01]} g5 {[%emt 0:00:02]} 47. h3 {[%emt 0:00:01]} Kd7 {[%emt 0:00:01]} 48. Rc7+ {[%emt 0:00:02]} Ke8 {[%emt 0:00:03]} 49. d7+ {[%emt 0:00:05]} Ke7 {[%emt 0:00:08]} 50. Rd4 {[%emt 0:00:01]} h6 {[%emt 0:00:07]} 51. b4 {[%emt 0:00:03]} h5 {[%emt 0:00:03]} 52. Re4+ {[%emt 0:00:06]} Kd6 {[%emt 0:00:01]} 53. Rc5 {[%emt 0:00:03]} g4+ {[%emt 0:00:13]} 54. hxg4 {[%emt 0:00:01]} hxg4+ {[%emt 0:00:00]} 55. Kxf4 {[%emt 0:00:02]} Rf8+ {[%emt 0:00:01]} 56. Kxe3 {[%emt 0:00:02]} Kxd7 {[%emt 0:00:00]} 57. Rd5+ {[%emt 0:00:02]} Kc6 {[%emt 0:00:01]} 58. Rdd4 {[%emt 0:00:04]} g3 {[%emt 0:00:02]} 59. Rg4 {[%emt 0:00:02] Kd5 [%clk 0:01:06] Ke4+} 1-0

[Event "GER-chW Blitz 2019"]
[Site "Magdeburg"]
[Date "2019.05.25"]
[Round "6.3"]
[White "Kopylov, Luba"]
[Black "Schulze, Lara"]
[Result "0-1"]
[WhiteElo "2078"]
[BlackElo "2160"]
[Annotator "NA"]
[PlyCount "65"]
[EventDate "2019.05.25"]
[EventType "tourn"]
[EventCountry "GER"]
[SourceTitle "playchess.com"]
[Source "ChessBase"]
[SourceQuality "1"]
[TimeControl "180+2"]

1. d4 {[%emt 0:00:00]} Nf6 {[%emt 0:00:00]} 2. c4 {[%emt 0:00:02]} e6 {[%emt 0:00:00]} 3. Nc3 {[%emt 0:00:06]} Bb4 {[%emt 0:00:01]} 4. e3 {[%emt 0:00:01]} b6 {[%emt 0:00:03]} 5. Nge2 {[%emt 0:00:02]} c5 {[%emt 0:00:02]} 6. a3 {[%emt 0:00:03]} Ba5 {[%emt 0:00:00]} 7. dxc5 {[%emt 0:00:18]} bxc5 {[%emt 0:00:01]} 8. Qa4 {[%emt 0:00:04]} Nc6 {[%emt 0:00:13]} 9. Bd2 {[%emt 0:00:11]} O-O {[%emt 0:00:13]} 10. e4 {[%emt 0:00:20]} Rb8 {[%emt 0:00:05]} 11. e5 {[%emt 0:00:07]} Nxe5 {[%emt 0:00:15]} 12. Nc1 {[%emt 0:00:40]} Rxb2 {[%emt 0:00:16]} 13. Nb3 {[%emt 0:00:03]} Rxd2 {[%emt 0:00:44]} 14. Nxa5 {[%emt 0:00:34]} Rd4 {[%emt 0:00:18]} 15. Nb3 {[%emt 0:00:10]} Ne4 {[%emt 0:00:37]} 16. Nb5 {[%emt 0:00:30]} Nd3+ {[%emt 0:00:10]} 17. Bxd3 {[%emt 0:00:07]} Rxd3 {[%emt 0:00:01]} 18. Ke2 {[%emt 0:00:03]} a6 {[%emt 0:00:13]} 19. Kxd3 {[%emt 0:00:04]} axb5 {[%emt 0:00:01]} 20. Qxb5 {[%emt 0:00:03]} Nxf2+ {[%emt 0:00:01]} 21. Ke2 {[%emt 0:00:04]} Nxh1 {[%emt 0:00:01]} 22. Rxh1 {[%emt 0:00:01]} d6 {[%emt 0:00:07]} 23. Na5 {[%emt 0:00:04]} Qh4 {[%emt 0:00:07]} 24. Qc6 {[%emt 0:00:05]} Qg4+ {[%emt 0:00:01]} 25. Qf3 {[%emt 0:00:02]} Qd4 {[%emt 0:00:03]} 26. Rd1 {[%emt 0:00:03]} Qb2+ {[%emt 0:00:05]} 27. Rd2 {[%emt 0:00:01]} Qb6 {[%emt 0:00:01]} 28. Nc6 {[%emt 0:00:02]} Bb7 {[%emt 0:00:02]} 29. Rxd6 {[%emt 0:00:03]} Qb2+ {[%emt 0:00:06]} 30. Rd2 {[%emt 0:00:02]} Qb6 {[%emt 0:00:04]} 31. Ne7+ {[%emt 0:00:02]} Kh8 {[%emt 0:00:01]} 32. Qh3 {[%emt 0:00:03]} Qc7 {[%emt 0:00:05]} 33. Qh4 0-1

[Event "GER-chW Blitz 2019"]
[Site "Magdeburg"]
[Date "2019.05.25"]
[Round "6.4"]
[White "Gheng, Simona"]
[Black "Kushka, Alena"]
[Result "1/2-1/2"]
[WhiteElo "1991"]
[BlackElo "2148"]
[Annotator "NA"]
[PlyCount "74"]
[EventDate "2019.05.25"]
[EventType "tourn"]
[EventCountry "GER"]
[SourceTitle "playchess.com"]
[Source "ChessBase"]
[SourceQuality "1"]
[TimeControl "180+2"]

1. e4 {[%emt 0:00:00]} c5 {[%emt 0:00:00]} 2. c4 {[%emt 0:00:00]} Nc6 {[%emt 0:00:00]} 3. Nc3 {[%emt 0:00:01]} g6 {[%emt 0:00:01]} 4. g3 {[%emt 0:00:00]} Bg7 5. Bg2 Nf6 {[%emt 0:00:03]} 6. d3 {[%emt 0:00:01]} O-O {[%emt 0:00:03]} 7. Nge2 {[%emt 0:00:01]} d6 {[%emt 0:00:03]} 8. O-O {[%emt 0:00:02]} Rb8 {[%emt 0:00:02]} 9. a3 a6 {[%emt 0:00:03]} 10. a4 {[%emt 0:00:05]} Bg4 {[%emt 0:00:11]} 11. f3 {[%emt 0:00:02]} Bd7 {[%emt 0:00:05]} 12. f4 {[%emt 0:00:01]} Bg4 {[%emt 0:00:11]} 13. h3 {[%emt 0:00:01]} Bxe2 {[%emt 0:00:08]} 14. Nxe2 {[%emt 0:00:01]} Qc7 {[%emt 0:00:09]} 15. Rb1 {[%emt 0:00:03]} b5 {[%emt 0:00:03]} 16. axb5 {[%emt 0:00:02]} axb5 {[%emt 0:00:01]} 17. cxb5 {[%emt 0:00:14]} Rxb5 {[%emt 0:00:01]} 18. f5 {[%emt 0:00:05]} Ne5 {[%emt 0:00:18]} 19. Bf4 {[%emt 0:00:06]} Rfb8 {[%emt 0:00:06]} 20. Qc2 {[%emt 0:00:09]} Qb6 {[%emt 0:00:12]} 21. Bxe5 {[%emt 0:00:10]} dxe5 {[%emt 0:00:03]} 22. Nc3 {[%emt 0:00:01]} Rxb2 {[%emt 0:00:11]} 23. Rxb2 {[%emt 0:00:03]} Qxb2 {[%emt 0:00:02]} 24. Qxb2 {[%emt 0:00:02]} Rxb2 {[%emt 0:00:02]} 25. Na4 {[%emt 0:00:02]} Rc2 {[%emt 0:00:01]} 26. Rb1 {[%emt 0:00:03]} Bh6 {[%emt 0:00:07]} 27. fxg6 {[%emt 0:00:13]} hxg6 {[%emt 0:00:07]} 28. Rb2 {[%emt 0:00:08]} Rc1+ {[%emt 0:00:10]} 29. Kf2 {[%emt 0:00:03]} Kg7 {[%emt 0:00:17]} 30. Rb5 {[%emt 0:00:15]} Rc2+ {[%emt 0:00:04]} 31. Kf3 {[%emt 0:00:02]} Nd7 {[%emt 0:00:21]} 32. Rb7 {[%emt 0:00:04]} Nf8 {[%emt 0:00:05]} 33. Rxe7 {[%emt 0:00:05]} Ne6 {[%emt 0:00:02]} 34. g4 {[%emt 0:00:15]} Nd4+ {[%emt 0:00:04]} 35. Kg3 {[%emt 0:00:05]} Bf4+ {[%emt 0:00:01]} 36. Kh4 {[%emt 0:00:03]} Rxg2 {[%emt 0:00:03]} 37. Nxc5 Nf3# {[%emt 0:00:05]} 1/2-1/2